The reformation in national context

Αποθηκεύτηκε σε:
Λεπτομέρειες βιβλιογραφικής εγγραφής
Άλλοι συγγραφείς: Scribner, Robert W. (Επιμελητής έκδοσης), Porter, Roy 1946-2002 (Επιμελητής έκδοσης), Teich, Mikulas (Επιμελητής έκδοσης)
Μορφή: Βιβλίο
Γλώσσα:English
Δημοσίευση: Cambridge : Cambridge University Press, 1994
Θέματα:
Ετικέτες: Προσθήκη ετικέτας
Δεν υπάρχουν, Καταχωρήστε ετικέτα πρώτοι!

MARC

LEADER 00000nam a2200000 i 4500
001 1/4006
008 960503s1994 eng d
020 |a 0-521-40960-8 
035 |l 10015423 
040 |a GR-MY-UA  |b gre  |e aacr 
041 0 |a eng 
082 0 |a 274.06 
245 1 4 |a The reformation in national context /  |c Edited by Bob Scribner; Roy Porter; Mikulas Teich 
260 |a Cambridge :   |b Cambridge University Press,   |c 1994 
300 |a 236 p. 
504 |a Includes index 
650 0 0 |a Reformation  |z Europe. 
651 0 |a Europe  |x Church history  |y 16th century. 
700 1 |a Scribner, Robert W.  |4 edt 
700 1 |a Porter, Roy  |d 1946-2002.  |4 edt 
700 1 |a Teich, Mikulas.  |4 edt 
852 |a INST  |b LESVOS  |e 19960503  |h 274.06 REF  |p 005100010426  |q 005100010426  |t BK  |y 0 
909 |a Λ  |b 045000